| 000 | 00894 a2200229 4500 | ||
|---|---|---|---|
| 010 | _aENG-89027 | ||
| 020 |
_c550.00 _a8124603642 |
||
| 035 | _aEN-72560 | ||
| 037 | _bDBAD / PUB | ||
| 082 | 1 | 4 | _a202.180954 |
| 090 |
_c9907 _d9907 |
||
| 100 | 1 | _aBunce, Fredrick William | |
| 245 | 1 |
_aThe sacred dichotomy : _cby Fredrick W. Bunce _bthoughts and comments on the duality of female and male iconography in South Asia and the Mediterranean / |
|
| 260 |
_aNew Delhi _bD.K. Printworld _c2006 |
||
| 270 |
_aRegd. Office: `Sri Kunj', F-52, Bali Nagar, _bNew Delhi _e110 015 |
||
| 300 |
_c25 cm.(Hb) _bxii, 80p. |
||
| 500 | _aIncludes bibliographical references and index | ||
| 650 |
_aIdols and images _zSouth Asia |
||
| 651 | _aMediterranean Region | ||
| 942 |
_cEN _adpl _k202.180954 / BUN |
||
| 999 |
_c9720 _d9720 |
||